| 000 | 00550nam a22001577a 4500 | ||
|---|---|---|---|
| 003 | OSt | ||
| 005 | 20150908153510.0 | ||
| 008 | 150908b xxu||||| |||| 00| 0 eng d | ||
| 040 | _cRUA | ||
| 082 | _aAGR ហ៊ុំ 1993 B006 Or.1 | ||
| 100 |
_9161 _aហ៊ុំ ទិតជេដ្ឋា |
||
| 245 | _aឥទិ្ធពលកត្ដាជីទៅលើការលូតលាស់និងគុណភាពនៃដំណាំថ្នាំជក់ | ||
| 260 |
_aPhnom Penh _bRUA _c1993 |
||
| 300 |
_a50p. _bill. _c29cm. |
||
| 942 |
_2ddc _cAGR |
||
| 999 |
_c142 _d142 |
||